000 00494nam a2200193Ia 4500
003 IN-BaIIA
005 20240503120410.0
008 211028s9999 xx 000 0 eng d
040 _cIIA Library
080 _a523.9
_bDUN
100 _aDuner, N C
_91471
245 0 _aRecherches sur
_bLa rotation du soleli
260 _aParis
_bDe L'Imprimerie De Crapelet
_c1802
300 _axxxij, 567p.
650 _aArchives
650 _aAstrometry
650 _aCelestial mechanics
942 _cBK
_2ddc
999 _c680
_d680